000 00567nam a2200193Ia 4500
003 GCL
008 140319s9999 xx 000 0 ara d
040 _aGCL /
_cGCL
082 0 4 _a212.5
_bع ب
100 1 _aعبدالحميد كشك
245 1 0 _aبر الوالدين /
_cعبدالحميد كشك
260 _a[S.N] :
_bالمختار الاسلامى للطبع والنشر والتوزيع ،
_c1991
300 _a135 ص
490 _a
650 0 4 _aالفقه
650 0 4 _aالفقاريات
650 0 4 _aطاعةالوالدين
942 _2ddc
_cBK
999 _c55237
_d55237